How to prepare dissertation proposal: suggestions for students in Education and the Social and Behavioral Sciences

Guardat en:
Dades bibliogràfiques
Autors principals: Krathwohl, David R (Autor), Smith, Nick L (Autor)
Format: Llibre
Idioma:anglès
Publicat: Nueva York Syracuse University Press 2005
Edició:1a. ed
Matèries:
Etiquetes: Afegir etiqueta
Sense etiquetes, Sigues el primer a etiquetar aquest registre!

MARC

LEADER 00000cam a2200000 a 4500
001 UCD5617
003 CL-VaPUC
008 160930e20050000us |||||||||||||||||eng|d
020 |a 9780815681410 
082 0 4 |a 808.02  |b KRA  |2 21 
100 0 |a Krathwohl, David R  |e author  |9 589414 
700 0 |a Smith, Nick L  |e author  |9 589415 
245 1 0 |a How to prepare dissertation proposal: suggestions for students in Education and the Social and Behavioral Sciences 
250 |a 1a. ed 
300 |a 289 p 
942 |c BK 
945 |d 20160930 08:06:00  |a dcastane 
260 |a Nueva York  |b Syracuse University Press  |c 2005 
650 7 |a DISERTACIONES  |2 CL-VaPUC  |9 470216 
650 7 |a TRABAJOS DE INVESTIGACION  |2 CL-VaPUC  |9 469747 
650 7 |a REDACCION DE INFORMES  |2 CL-VaPUC  |9 589416 
650 0 |a Retórica   |9 266620 
583 |a last modification  |c 20160930 08:06:00  |k Rodrigo Vera 
999 |c 366256  |d 366254 
952 |0 0  |1 0  |3 erb  |4 0  |6 808_020000000000000_KRA_2005  |7 0  |8 A  |9 480350  |a BIBING  |b BIBING  |i 5342899  |o 808.02 KRA 2005  |p 5342899  |r 2025-01-20  |w 2019-11-24  |y BK  |z Catalogado en:20160930  |k EII